Optical Communications and Networks With Cd-Rom: Proceedings of the First International Conference on Icocn 2002 (Record no. 1546117)

MARC details
000 -LEADER
fixed length control field 00720nam a2200241Ia 4500
005 - DATE AND TIME OF LATEST TRANSACTION
control field 20260121112805.0
008 - FIXED-LENGTH DATA ELEMENTS--GENERAL INFORMATION
fixed length control field 8817 260114s9999 xx 000 0 eng d
020 ## - INTERNATIONAL STANDARD BOOK NUMBER
International Standard Book Number 9789812776280
037 ## - SOURCE OF ACQUISITION
Stock number EBOOK
040 ## - CATALOGING SOURCE
Original cataloging agency CRL
Language of cataloging eng
Transcribing agency CRL
041 ## - LANGUAGE CODE
Language code of text/sound track or separate title eng
Source of code eng
084 ## - COLON CLASSIFICATION NUMBER
Assigning agency CRL
100 ## - MAIN ENTRY--PERSONAL NAME
Personal name Omidyar Cambyse Guy Et Al
9 (RLIN) 963257
245 #0 - TITLE STATEMENT
Title Optical Communications and Networks With Cd-Rom: Proceedings of the First International Conference on Icocn 2002
260 ## - PUBLICATION, DISTRIBUTION, ETC.
Name of publisher, distributor, etc. World Scientific
260 ## - PUBLICATION, DISTRIBUTION, ETC.
Name of publisher, distributor, etc. WSPC
260 ## - PUBLICATION, DISTRIBUTION, ETC.
Date of publication, distribution, etc. 2002
650 ## - SUBJECT ADDED ENTRY--TOPICAL TERM
Topical term or geographic name entry element Computer Science
9 (RLIN) 963258
856 ## - ELECTRONIC LOCATION AND ACCESS
Uniform Resource Identifier <a href="https://www.worldscientific.com/worldscibooks/10.1142/5160#t=toc">https://www.worldscientific.com/worldscibooks/10.1142/5160#t=toc</a>
942 ## - ADDED ENTRY ELEMENTS (KOHA)
Koha item type eBooks
Holdings
Withdrawn status Lost status Damaged status Not for loan Home library Current library Date acquired Total Checkouts Barcode Date last seen Price effective from Koha item type
        Central Library Central Library 2026-01-21   CL1874654 2026-01-21 2026-01-21 eBooks
Copyright @ Delhi University Library System